To see The World Afresh (Record no. 22881)
[ view plain ]
| 000 -LEADER | |
|---|---|
| fixed length control field | 00668nam a22002297a 4500 |
| 003 - CONTROL NUMBER IDENTIFIER | |
| control field | OSt |
| 005 - DATE AND TIME OF LATEST TRANSACTION | |
| control field | 20260521151303.0 |
| 008 - FIXED-LENGTH DATA ELEMENTS--GENERAL INFORMATION | |
| fixed length control field | 260521b |||||||| |||| 00| 0 eng d |
| 020 ## - INTERNATIONAL STANDARD BOOK NUMBER | |
| International Standard Book Number | 0-689-30141-3 |
| 040 ## - CATALOGING SOURCE | |
| Transcribing agency | Chuka University Library |
| 050 ## - LIBRARY OF CONGRESS CALL NUMBER | |
| Classification number | PN 6101 .M66 1974 |
| 100 ## - MAIN ENTRY--PERSONAL NAME | |
| Personal name | Moore Lilian |
| 9 (RLIN) | 26426 |
| 245 ## - TITLE STATEMENT | |
| Title | To see The World Afresh |
| 260 ## - PUBLICATION, DISTRIBUTION, ETC. | |
| Place of publication, distribution, etc. | New York |
| Name of publisher, distributor, etc. | Altheneum |
| Date of publication, distribution, etc. | 1974 |
| 300 ## - PHYSICAL DESCRIPTION | |
| Extent | 102ksh |
| 650 ## - SUBJECT ADDED ENTRY--TOPICAL TERM | |
| Topical term or geographic name entry element | Poetry-Modern.....20th ceentury |
| 9 (RLIN) | 25745 |
| 650 ## - SUBJECT ADDED ENTRY--TOPICAL TERM | |
| Topical term or geographic name entry element | English Poetry...collectiions |
| 9 (RLIN) | 26329 |
| 650 ## - SUBJECT ADDED ENTRY--TOPICAL TERM | |
| Topical term or geographic name entry element | Literature.....Collections |
| 9 (RLIN) | 24460 |
| 650 ## - SUBJECT ADDED ENTRY--TOPICAL TERM | |
| Topical term or geographic name entry element | Poetry... Anthologies |
| 9 (RLIN) | 26427 |
| 700 ## - ADDED ENTRY--PERSONAL NAME | |
| Personal name | Thuram Judith |
| 9 (RLIN) | 26428 |
| 942 ## - ADDED ENTRY ELEMENTS (KOHA) | |
| Source of classification or shelving scheme | Library of Congress Classification |
| Koha item type | Long Loan Books |
| Suppress in OPAC | No |
| Withdrawn status | Lost status | Source of classification or shelving scheme | Damaged status | Not for loan | Home library | Current library | Date acquired | Total Checkouts | Full call number | Barcode | Date last seen | Price effective from | Koha item type |
|---|---|---|---|---|---|---|---|---|---|---|---|---|---|
| Library of Congress Classification | Main Campus Library | Main Campus Library | 21/05/2026 | PN 6101 .M66 1974 | 32074/2026 | 21/05/2026 | 21/05/2026 | Long Loan Books |
